000 00845nam a22001337a 4500
040 _cRUA
082 _aANS PHE 2014 B445 Or.1
100 _aPHEM MENGHAK; ភឹម ម៉េងហាក់
245 _aConcentrated feed supplementation to basal diet on local growing pig of charay indeginous in ouyadav district, ratanakiri province; ការបន្ថែមចំណីផ្សំទៅលើចំណីគ្រឹះនៃការចិញ្ចឹមជ្រូកសាច់ពូជក្នុងស្រុករបស់ជនជាតិចារាយ នៅស្រុកអូយ៉ាដាវ ខេត្តរតន:គិីរី
260 _aPhnom Penh
_bRUA
_c2014
300 _axii;44p.
_bill.
_c29cm.
856 _uhttps://drive.google.com/file/d/1jSceSFfPUaJNX4qajTCJ_DPxBJu5J6PA/view?usp=sharing
942 _cANS
999 _c7366
_d7366